=LDR 00000nam 2200000 4500 =001 INLIS000000000012783 =005 20130612104254 =008 ***********************************Ind** =035 ##$$0010-061300000012783 =041 ##$$a Ind =082 ##$$a 616.97 =090 ##$$a 616.97, Jel l =100 ##$$a Jelantik, J.B =245 ##$$a Lekemia panduan praktikum dan 500 soal jawab kematologi, J.B Jelantik =260 ##$$a 1976 $b Jakarta =300 ##$$a 168 hlm, Ilus, 21 cm =650 ##$$a Lukemia =850 ##$$a NBPNMAT